[Event "RB-2014-0-00246"]
[Site "LSS email"]
[Date "2014.05.04"]
[Round "?"]
[White "Salonen, Jukka"]
[Black "Lind, Anders"]
[Result "1/2-1/2"]
[WhiteElo "1939"]
[BlackElo "1924"]
[PlyCount "90"]
[EventDate "2014.03.17"]
[EventType "tourn (corr)"]
[EventRounds "6"]
[EventCountry "GER"]
[SourceTitle "Corr 2022"]
[Source "ChessBase"]
[SourceDate "2021.10.24"]
[SourceVersion "1"]
[SourceVersionDate "2021.10.24"]
[SourceQuality "1"]

1. d4 Nf6 2. c4 e5 3. dxe5 Ng4 4. Bf4 Nc6 5. Nf3 Bb4+ 6. Nc3 Bxc3+ 7. bxc3 Qe7 8. Qd5 f6 9. exf6 Nxf6 10. Qd3 d6 11. g3 Ne5 12. Nxe5 dxe5 13. Bg5 Be6 14. Bg2 c6 15. 0-0 0-0 16. Rab1 Rfd8 17. Qc2 Bxc4 18. Be4 Qf7 19. f4 Nxe4 20. Bxd8 Qg6 21. f5 Qg4 22. Bh4 b5 23. Rf3 Nd6 24. Be7 Qe4 25. Qxe4 Nxe4 26. Ra1 Kf7 27. Bh4 a5 28. Re3 Bd5 29. g4 a4 30. a3 h5 31. g5 g6 32. f6 Re8 33. Rd3 Ke6 34. Rad1 Rc8 35. Rf1 Rh8 36. h3 Nd6 37. Kh2 Bc4 38. Rd2 Ne4 39. Rc2 Bb3 40. Rcc1 Nd2 41. Rf2 Kf7 42. Rg2 Rd8 43. Bf2 Nc4 44. Ra1 Rd2 45. Bc5 Rd5 1/2-1/2

[Event "RB-2014-0-00246"]
[Site "LSS email"]
[Date "2014.04.27"]
[Round "?"]
[White "Lind, Anders"]
[Black "Ederer, Karel"]
[Result "1-0"]
[WhiteElo "1924"]
[BlackElo "2163"]
[PlyCount "57"]
[EventDate "2014.03.17"]
[EventType "tourn (corr)"]
[EventRounds "6"]
[EventCountry "GER"]
[SourceTitle "Corr 2022"]
[Source "ChessBase"]
[SourceDate "2021.10.24"]
[SourceVersion "1"]
[SourceVersionDate "2021.10.24"]
[SourceQuality "1"]

1. e4 c5 2. Nf3 d6 3. d4 cxd4 4. Nxd4 Nf6 5. Nc3 g6 6. Be3 Bg7 7. f3 0-0 8. Qd2 Nc6 9. 0-0-0 d5 10. Kb1 Nxd4 11. e5 Nf5 12. exf6 exf6 13. Bc5 d4 14. Bxf8 Qxf8 15. Ne2 Be6 16. g4 Bh6 17. Nf4 Ne3 18. Nxe6 Nxd1 19. Qxd4 Qe7 20. Qxd1 Qxe6 21. h4 Kg7 22. a3 Qb6 23. Bc4 Rd8 24. Qe2 Be3 25. Bb3 Qc5 26. Rd1 Rxd1+ 27. Qxd1 Qd4 28. Qe2 Qd2 29. Qb5 1-0

[Event "WC-2018-P-00008"]
[Site "LSS email"]
[Date "2014.02.03"]
[Round "?"]
[White "Lind, Anders"]
[Black "Hatsek, Werner"]
[Result "1-0"]
[WhiteElo "1879"]
[BlackElo "1887"]
[PlyCount "197"]
[EventDate "2014.02.10"]
[EventType "tourn (corr)"]
[EventRounds "12"]
[EventCountry "GER"]
[SourceTitle "Corr 2015"]
[Source "ChessBase"]
[SourceDate "2015.07.17"]
[SourceVersion "1"]
[SourceVersionDate "2015.07.17"]
[SourceQuality "1"]

1. e4 c6 2. d4 d5 3. Nc3 dxe4 4. Nxe4 Nf6 5. Nxf6+ exf6 6. c3 Bd6 7. Bd3 0-0 8. Ne2 Qc7 9. Qc2 f5 10. Bxf5 Bxf5 11. Qxf5 Re8 12. Be3 Nd7 13. 0-0-0 b5 14. Kb1 Nb6 15. Qd3 a5 16. Rde1 a4 17. Ng3 Nd5 18. a3 g6 19. Bd2 f5 20. Ne2 Qf7 21. h4 Re4 22. f3 Re6 23. Nc1 Rxe1 24. Rxe1 Bg3 25. Rh1 Bd6 26. Qc2 Nb6 27. Nd3 Re8 28. Bc1 f4 29. Nf2 Nc4 30. Ne4 Be7 31. Qf2 Rf8 32. Qe2 Qf5 33. Ka1 Na5 34. Qc2 Re8 35. Kb1 Kg7 36. Nf2 Qf7 37. h5 g5 38. h6+ Kh8 39. Re1 Bf8 40. Ne4 Qg6 41. Rd1 Bxh6 42. d5 Nc4 43. dxc6 Qxc6 44. Rd4 Qg6 45. Ka1 g4 46. Qd3 gxf3 47. gxf3 Na5 48. Rd7 Nb3+ 49. Kb1 Rf8 50. Qd1 Bg5 51. Qd3 Bh6 52. Qf1 Rb8 53. Qd3 Re8 54. Rb7 Rf8 55. Rd7 Qg1 56. Qc2 Bg7 57. Qd1 Qxd1 58. Rxd1 Nxc1 59. Kxc1 Rb8 60. Rd5 Bf8 61. Rf5 Be7 62. Rf7 Re8 63. Kd2 Kg8 64. Rf5 Rb8 65. Nf2 Bd6 66. Kd3 Bc7 67. Ng4 Kg7 68. Rg5+ Kf7 69. Rc5 Bd6 70. Rh5 Kg7 71. Rd5 Rb6 72. Rg5+ Kf7 73. Ke4 Bb8 74. Ne5+ Bxe5 75. Kxe5 h6 76. Rf5+ Ke7 77. Rxf4 Re6+ 78. Kd5 h5 79. Kc5 Re5+ 80. Kb4 Ke6 81. Rh4 Kd6 82. c4 bxc4 83. Kxc4 Re2 84. Kc3 Rf2 85. Rxa4 Rxf3+ 86. Kc2 Rh3 87. Rb4 h4 88. a4 Kc5 89. Rb5+ Kc4 90. b3+ Kd4 91. Kb2 Rh2+ 92. Ka3 Rh1 93. a5 Kc3 94. Rc5+ Kd4 95. Rh5 h3 96. Ka4 h2 97. Kb4 Ke4 98. Kb5 Kd3 99. b4 1-0

[Event "WC-2018-P-00008"]
[Site "LSS email"]
[Date "2014.02.03"]
[Round "?"]
[White "Lind, Anders"]
[Black "Roberts, Anthony"]
[Result "1/2-1/2"]
[WhiteElo "1879"]
[BlackElo "2162"]
[PlyCount "54"]
[EventDate "2014.02.10"]
[EventType "tourn (corr)"]
[EventRounds "12"]
[EventCountry "GER"]
[SourceTitle "Corr 2015"]
[Source "ChessBase"]
[SourceDate "2015.07.17"]
[SourceVersion "1"]
[SourceVersionDate "2015.07.17"]
[SourceQuality "1"]

1. e4 c5 2. Nf3 d6 3. d4 cxd4 4. Nxd4 Nf6 5. Nc3 a6 6. f4 e5 7. Nb3 Nbd7 8. Qf3 b5 9. Bd3 Be7 10. 0-0 Bb7 11. Be3 0-0 12. Rad1 Re8 13. Kh1 Qc7 14. a3 Rac8 15. Qh3 Bf8 16. fxe5 dxe5 17. Bd2 h6 18. Rf3 Qb6 19. Rg3 Kh8 20. Qh4 Re6 21. Rf1 Qd8 22. Bg5 Qe8 23. Kg1 Rd6 24. Be3 Rc7 25. Na5 Ba8 26. Nb3 Qe6 27. Bd2 Rc8 1/2-1/2

[Event "RB-2013-0-00231"]
[Site "LSS email"]
[Date "2013.12.11"]
[Round "?"]
[White "De Waele, Willy"]
[Black "Lind, Anders"]
[Result "1/2-1/2"]
[WhiteElo "1962"]
[BlackElo "1834"]
[PlyCount "121"]
[EventDate "2013.11.10"]
[EventType "tourn (corr)"]
[EventRounds "6"]
[EventCountry "GER"]
[SourceTitle "Telechess CBM 167"]
[Source "ChessBase"]
[SourceDate "2015.07.13"]
[SourceVersion "1"]
[SourceVersionDate "2015.07.13"]
[SourceQuality "1"]

1. e4 e5 2. Nf3 Nc6 3. Bb5 a6 4. Ba4 Nf6 5. 0-0 Be7 6. Re1 b5 7. Bb3 0-0 8. c3 d5 9. exd5 Nxd5 10. Nxe5 Nxe5 11. Rxe5 c6 12. d4 Bd6 13. Re1 Qh4 14. g3 Qh3 15. Be3 Bg4 16. Qd3 Bf3 17. Qf1 Qh5 18. Nd2 Bg4 19. f3 Bh3 20. Qf2 Qg6 21. Ne4 Bc7 22. Bd2 Bf5 23. Nc5 Rfb8 24. Qg2 h5 25. a3 Rc8 26. Bxd5 cxd5 27. Bf4 Bb6 28. Qf2 Re8 29. Re3 Bxc5 30. dxc5 Bd7 31. Rae1 Rxe3 32. Rxe3 Re8 33. Rxe8+ Bxe8 34. Qe2 Bc6 35. Be3 Qf5 36. Bd4 Bd7 37. Kg2 Kh7 38. Qe5 Qxe5 39. Bxe5 Kg6 40. b3 f6 41. Bc7 Kf5 42. Kf2 g5 43. Ke3 g4 44. b4 Bc6 45. f4 Bd7 46. Kd4 Bc6 47. Bd8 Ke6 48. Ke3 Kf5 49. Kd4 Ke6 50. Kd3 Kf5 51. Be7 Ke6 52. Bd6 Bb7 53. Kd4 Ba8 54. Bb8 Kf5 55. Bc7 Bc6 56. Bb8 Ke6 57. Bd6 Bb7 58. Bb8 Bc6 59. Bd6 Bb7 60. Ke3 Bc6 61. Bb8 1/2-1/2

[Event "CP-2013-P-00040"]
[Site "LSS email"]
[Date "2013.09.30"]
[Round "?"]
[White "Lind, Anders"]
[Black "Sutkalenko, Dmitry Nikolaevich"]
[Result "1/2-1/2"]
[WhiteElo "1879"]
[BlackElo "2220"]
[PlyCount "56"]
[EventDate "2013.10.01"]
[EventType "tourn (corr)"]
[EventRounds "6"]
[EventCountry "GER"]
[SourceTitle "Telechess CBM 167"]
[Source "ChessBase"]
[SourceDate "2015.07.13"]
[SourceVersion "1"]
[SourceVersionDate "2015.07.13"]
[SourceQuality "1"]

1. e4 c5 2. Nf3 d6 3. d4 cxd4 4. Nxd4 Nf6 5. Nc3 a6 6. Bg5 e6 7. f4 h6 8. Bh4 Qb6 9. a3 Be7 10. Bf2 Qc7 11. Be2 b5 12. Bf3 Bb7 13. Qe2 0-0 14. 0-0-0 Nc6 15. g4 Nd7 16. h4 Nxd4 17. Bxd4 e5 18. fxe5 dxe5 19. Bg1 b4 20. axb4 a5 21. b5 a4 22. Na2 Rfd8 23. Kb1 a3 24. b3 Nc5 25. Rxd8+ Qxd8 26. Bf2 Ne6 27. Rd1 Qc8 28. Qc4 Qe8 1/2-1/2

[Event "CP-2013-P-00040"]
[Site "LSS email"]
[Date "2013.09.30"]
[Round "?"]
[White "Schlenther, Marco"]
[Black "Lind, Anders"]
[Result "0-1"]
[WhiteElo "2551"]
[BlackElo "1848"]
[PlyCount "26"]
[EventDate "2013.10.01"]
[EventType "tourn (corr)"]
[EventRounds "6"]
[EventCountry "GER"]
[SourceTitle "Corr 2022"]
[Source "ChessBase"]
[SourceDate "2021.10.24"]
[SourceVersion "1"]
[SourceVersionDate "2021.10.24"]
[SourceQuality "1"]

1. e4 e5 2. Nf3 Nc6 3. d4 exd4 4. Nxd4 Nf6 5. Nxc6 bxc6 6. e5 Qe7 7. Qe2 Nd5 8. c4 Ba6 9. b3 g6 10. f4 d6 11. Qf2 Nf6 12. Be2 dxe5 13. fxe5 Qxe5 0-1

[Event "RC-2013-0-00126"]
[Site "LSS email"]
[Date "2013.08.28"]
[Round "?"]
[White "Lind, Anders"]
[Black "Madrid Sole, Antonio"]
[Result "1-0"]
[WhiteElo "1797"]
[BlackElo "1612"]
[PlyCount "47"]
[EventDate "2013.06.29"]
[EventType "tourn (corr)"]
[EventRounds "6"]
[EventCountry "GER"]
[SourceTitle "Telechess CBM 163"]
[Source "ChessBase"]
[SourceDate "2014.11.11"]
[SourceVersion "2"]
[SourceVersionDate "2014.11.11"]
[SourceQuality "1"]

1. e4 d5 2. exd5 Qxd5 3. Nc3 Qd6 4. d4 Nf6 5. Nf3 c6 6. Be3 Bg4 7. Qd2 Bxf3 8. gxf3 Nbd7 9. Ne4 Qd5 10. Bd3 e6 11. c4 Qh5 12. 0-0-0 Qxf3 13. Ng5 Qh5 14. Rhg1 b5 15. Be2 Bb4 16. Qc2 Qxh2 17. Rg3 bxc4 18. Qa4 Nd5 19. Qxc6 Rb8 20. Nxf7 Rb6 21. Qc8+ Kxf7 22. Qxd7+ Be7 23. Rf3+ Kg6 24. Bd2 1-0

[Event "RC-2013-0-00126"]
[Site "LSS email"]
[Date "2013.08.19"]
[Round "?"]
[White "Molenaar, Dave"]
[Black "Lind, Anders"]
[Result "0-1"]
[WhiteElo "800"]
[BlackElo "1797"]
[PlyCount "92"]
[EventDate "2013.06.29"]
[EventType "tourn (corr)"]
[EventRounds "6"]
[EventCountry "GER"]
[SourceTitle "Telechess CBM 163"]
[Source "ChessBase"]
[SourceDate "2014.11.11"]
[SourceVersion "2"]
[SourceVersionDate "2014.11.11"]
[SourceQuality "1"]

1. d4 Nf6 2. c4 e5 3. dxe5 Ng4 4. e3 Nxe5 5. Nc3 d6 6. f4 Ned7 7. Nf3 g6 8. a3 Bg7 9. Bd2 a5 10. Bd3 Nc5 11. Bc2 0-0 12. 0-0 Re8 13. f5 Nc6 14. e4 Ne5 15. Nxe5 Bxe5 16. Qf3 b6 17. Rab1 Ba6 18. Rf2 a4 19. Nxa4 Bxc4 20. Nxc5 bxc5 21. Bc3 Qe7 22. Bxe5 Qxe5 23. a4 Ba6 24. Rd1 Re7 25. Qh3 Rb8 26. Qh6 Qh8 27. b3 Ree8 28. a5 Rb4 29. fxg6 fxg6 30. h4 Qg7 31. Qe3 Rf8 32. Rxf8+ Kxf8 33. Bd3 Bxd3 34. Qxd3 Qd4+ 35. Qxd4 cxd4 36. a6 Rxb3 37. Ra1 Rb8 38. a7 Ra8 39. Kf2 Ke8 40. Ke2 Kd7 41. Kd3 c5 42. Kc4 Ke6 43. g4 Ke5 44. h5 Kf4 45. Rf1+ Kxg4 46. hxg6 hxg6 0-1

[Event "RC-2013-0-00119"]
[Site "LSS email"]
[Date "2013.05.21"]
[Round "?"]
[White "Bokros, Janos"]
[Black "Lind, Anders"]
[Result "1/2-1/2"]
[WhiteElo "1652"]
[BlackElo "1756"]
[PlyCount "50"]
[EventDate "2013.03.10"]
[EventType "tourn (corr)"]
[EventRounds "6"]
[EventCountry "GER"]
[SourceTitle "Telechess CBM 161"]
[Source "ChessBase"]
[SourceDate "2014.07.16"]
[SourceVersion "1"]
[SourceVersionDate "2014.07.16"]
[SourceQuality "1"]

1. e4 e5 2. Nf3 Nc6 3. d4 exd4 4. Nxd4 Nf6 5. Nxc6 bxc6 6. Nc3 Bb4 7. Bd3 d5 8. exd5 cxd5 9. Qe2+ Be7 10. Bf4 0-0 11. 0-0 c6 12. Rfe1 Re8 13. h3 Be6 14. a3 Nd7 15. b4 Bf6 16. Qd2 a5 17. b5 cxb5 18. Rab1 b4 19. axb4 axb4 20. Rxb4 Rc8 21. Nb5 Nc5 22. Rbb1 Nxd3 23. Qxd3 Rc4 24. Be5 Bxe5 25. Rxe5 f6 1/2-1/2

[Event "RC-2013-0-00119"]
[Site "LSS email"]
[Date "2013.05.21"]
[Round "?"]
[White "Pilgram, Kurt"]
[Black "Lind, Anders"]
[Result "0-1"]
[WhiteElo "1816"]
[BlackElo "1756"]
[PlyCount "50"]
[EventDate "2013.03.10"]
[EventType "tourn (corr)"]
[EventRounds "6"]
[EventCountry "GER"]
[SourceTitle "Telechess CBM 161"]
[Source "ChessBase"]
[SourceDate "2014.07.16"]
[SourceVersion "1"]
[SourceVersionDate "2014.07.16"]
[SourceQuality "1"]

1. e4 e5 2. f4 exf4 3. Bc4 d5 4. exd5 Qh4+ 5. Kf1 Bd6 6. Nf3 Qh6 7. Kf2 Ne7 8. d4 0-0 9. Rf1 Nd7 10. Nc3 Re8 11. Kg1 Nf5 12. Qd3 Nf6 13. a3 Ne3 14. Bxe3 fxe3 15. Qe2 Bg4 16. g3 a6 17. Bd3 Rad8 18. b4 Qh5 19. Rab1 Bf8 20. Nd1 Nxd5 21. Rb3 Rd6 22. Bc4 Rf6 23. Bxd5 Qxd5 24. Rxe3 Rxf3 25. Rxe8 Qxd4+ 0-1

[Event "RC-2013-0-00119"]
[Site "LSS email"]
[Date "2013.05.20"]
[Round "?"]
[White "Eichner, Dieter"]
[Black "Lind, Anders"]
[Result "1/2-1/2"]
[WhiteElo "1745"]
[BlackElo "1756"]
[PlyCount "123"]
[EventDate "2013.03.10"]
[EventType "tourn (corr)"]
[EventRounds "6"]
[EventCountry "GER"]
[SourceTitle "Telechess CBM 161"]
[Source "ChessBase"]
[SourceDate "2014.07.16"]
[SourceVersion "1"]
[SourceVersionDate "2014.07.16"]
[SourceQuality "1"]

1. Nf3 Nf6 2. d4 e6 3. c4 d5 4. Nc3 Be7 5. Bf4 0-0 6. e3 Nbd7 7. Qc2 c5 8. a3 cxd4 9. exd4 dxc4 10. Bxc4 a6 11. Bd3 b5 12. Rc1 Bb7 13. Qe2 Rc8 14. 0-0 Nb6 15. Bg3 Nbd5 16. Ne4 Qb6 17. Bb1 b4 18. axb4 Nxe4 19. Bxe4 Nxb4 20. Ne5 Bxe4 21. Qxe4 Rfd8 22. h3 a5 23. Kh2 Nd5 24. Qe2 Bb4 25. Qh5 g6 26. Qf3 Qb7 27. Ng4 Kg7 28. Be5+ Kf8 29. Ne3 Be7 30. Rxc8 Rxc8 31. Ra1 Bd8 32. Ra3 Ke8 33. h4 Qe7 34. Bg3 Qd7 35. Qe2 Nxe3 36. Qxe3 Rc4 37. Rd3 Qd5 38. Qh6 Bf6 39. Qxh7 Rxd4 40. Rxd4 Qxd4 41. b3 a4 42. bxa4 Qxa4 43. h5 gxh5 44. Qh6 Bb2 45. Qxh5 Bf6 46. Qh7 Ke7 47. Qd3 Ke8 48. Qd6 Qd4 49. Qb8+ Qd8 50. Qf4 Qd4 51. Qf3 Bd8 52. Qc6+ Qd7 53. Qc5 Be7 54. Qh5 Bf6 55. Bf4 Qd4 56. Qf3 Qc5 57. Bd2 Bd4 58. Be1 Qc2 59. Kg1 e5 60. Kh2 Ke7 61. g3 Ke6 62. Kg2 1/2-1/2

[Event "RC-2013-0-00117"]
[Site "LSS email"]
[Date "2013.04.04"]
[Round "?"]
[White "Brayman, Neal Zvi"]
[Black "Lind, Anders"]
[Result "0-1"]
[WhiteElo "1699"]
[BlackElo "1756"]
[PlyCount "56"]
[EventDate "2013.01.27"]
[EventType "tourn (corr)"]
[EventRounds "6"]
[EventCountry "GER"]
[SourceTitle "Telechess CBM 161"]
[Source "ChessBase"]
[SourceDate "2014.07.16"]
[SourceVersion "1"]
[SourceVersionDate "2014.07.16"]
[SourceQuality "1"]

1. e4 e5 2. Nf3 Nc6 3. Bb5 a6 4. Bxc6 dxc6 5. 0-0 Bd6 6. d4 exd4 7. Qxd4 f6 8. b3 Ne7 9. Ba3 Bg4 10. Qe3 0-0 11. Bxd6 cxd6 12. Nc3 f5 13. Nd4 f4 14. Qd3 f3 15. gxf3 Bh3 16. Rfd1 Ng6 17. Nce2 Qh4 18. Nf5 Qg5+ 19. Nfg3 Nh4 20. f4 Qg4 21. f5 Rae8 22. Nd4 Bg2 23. f3 Qh3 24. b4 Bxf3 25. Qf1 Bg2 26. Qe2 d5 27. e5 Be4 28. Rf1 Rxe5 0-1

[Event "WC-2016-P-00020"]
[Site "LSS email"]
[Date "2012.02.12"]
[Round "?"]
[White "Lind, Anders"]
[Black "Vasquez Nigro, Dario Javier"]
[Result "1/2-1/2"]
[WhiteElo "1756"]
[BlackElo "2096"]
[PlyCount "106"]
[EventDate "2012.02.15"]
[EventType "tourn (corr)"]
[EventRounds "12"]
[EventCountry "GER"]
[SourceTitle "Telechess CBM 163"]
[Source "ChessBase"]
[SourceDate "2014.11.11"]
[SourceVersion "2"]
[SourceVersionDate "2014.11.11"]
[SourceQuality "1"]

1. e4 e5 2. Nf3 Nc6 3. Bb5 a6 4. Ba4 Nf6 5. 0-0 Be7 6. Re1 b5 7. Bb3 0-0 8. c3 d5 9. exd5 Nxd5 10. Nxe5 Nxe5 11. Rxe5 c6 12. d4 Bd6 13. Re1 Qh4 14. g3 Qh3 15. Bxd5 cxd5 16. Qf3 Bf5 17. Qxd5 Rae8 18. Bd2 Qg4 19. Na3 Bxa3 20. f3 Be6 21. fxg4 Bxd5 22. bxa3 h6 23. h3 f6 24. Rxe8 Rxe8 25. Kf2 Kf7 26. a4 bxa4 27. a3 Rb8 28. Ke2 Bc4+ 29. Kf2 Rb2 30. Ke3 Ke6 31. h4 g5 32. Rd1 Ra2 33. Rb1 Bb5 34. Re1 Rxa3 35. Ke4 Ra2 36. Bc1 Ra1 37. c4 Bxc4 38. hxg5 fxg5 39. d5+ Kd7 40. Kd4 Bb3 41. Bd2 Rxe1 42. Bxe1 a3 43. Kc3 Bxd5 44. Kc2 a2 45. Bc3 Ke6 46. Kb2 Kf7 47. Bb4 Be6 48. Bd2 Kg6 49. Bb4 Bxg4 50. Kxa2 Bf3 51. Ka3 h5 52. Be7 Kf5 53. Kb3 Kg4 1/2-1/2

[Event "RD-2011-0-00061"]
[Site "LSS email"]
[Date "2011.12.29"]
[Round "?"]
[White "Lind, Anders"]
[Black "Boni, Roberto"]
[Result "1/2-1/2"]
[WhiteElo "1591"]
[BlackElo "1556"]
[PlyCount "87"]
[EventDate "2011.10.28"]
[EventType "tourn (corr)"]
[EventRounds "6"]
[EventCountry "GER"]
[SourceTitle "Telechess CBM 155"]
[Source "ChessBase"]
[SourceDate "2013.07.16"]
[SourceVersion "1"]
[SourceVersionDate "2013.07.16"]
[SourceQuality "1"]

1. e4 e5 2. Nf3 Nc6 3. Bb5 a6 4. Ba4 Nf6 5. 0-0 Be7 6. Re1 b5 7. Bb3 0-0 8. c3 d5 9. exd5 Nxd5 10. Nxe5 Nxe5 11. Rxe5 c6 12. d4 Be6 13. Nd2 Bd6 14. Re1 Re8 15. Ne4 Bc7 16. Bg5 Qb8 17. Qh5 h6 18. Bd2 Bf4 19. Bxd5 Bxd5 20. Nf6+ gxf6 21. Rxe8+ Qxe8 22. Bxf4 Qe4 23. Qg4+ Qg6 24. Qxg6+ fxg6 25. Bxh6 g5 26. f4 Re8 27. Kf2 Bc4 28. fxg5 Re2+ 29. Kf3 Rxb2 30. gxf6 Bd5+ 31. Kf4 Rxg2 32. a4 Rxh2 33. axb5 axb5 34. Bg5 Rc2 35. Ra8+ Kf7 36. Ra7+ Kg8 37. Kf5 Rxc3 38. Bf4 Rf3 39. Kg6 Bf7+ 40. Rxf7 Rxf4 41. Rd7 Rg4+ 42. Kf5 Rg2 43. Rd6 Rf2+ 44. Ke6 1/2-1/2

[Event "RD-2011-0-00061"]
[Site "LSS email"]
[Date "2011.12.29"]
[Round "?"]
[White "Lind, Anders"]
[Black "Molano Lafuente, Ismael"]
[Result "1-0"]
[WhiteElo "1591"]
[BlackElo "1324"]
[PlyCount "77"]
[EventDate "2011.10.28"]
[EventType "tourn (corr)"]
[EventRounds "6"]
[EventCountry "GER"]
[SourceTitle "Telechess CBM 157"]
[Source "ChessBase"]
[SourceDate "2013.11.12"]
[SourceVersion "1"]
[SourceVersionDate "2013.11.12"]
[SourceQuality "1"]

1. e4 c5 2. Nf3 Nc6 3. d4 cxd4 4. Nxd4 Nf6 5. Nc3 e5 6. Ndb5 h6 7. Be2 Bb4 8. a3 Bxc3+ 9. Nxc3 d6 10. 0-0 Be6 11. Be3 0-0 12. Qd3 d5 13. exd5 Nxd5 14. Nxd5 Qxd5 15. Qxd5 Bxd5 16. Rad1 Rfd8 17. Rd2 Be4 18. Rfd1 Rxd2 19. Rxd2 Rd8 20. Rxd8+ Nxd8 21. Bxa7 Bxc2 22. Bb6 Nc6 23. Bc4 Kf8 24. Bc5+ Ke8 25. f3 f6 26. Kf2 h5 27. Ke3 Kd7 28. h4 Nd8 29. Kd2 Bf5 30. a4 Be6 31. Bd3 Bf7 32. b4 Ne6 33. Be3 Nf4 34. Bxf4 exf4 35. a5 Kd6 36. Kc3 g5 37. Be4 Bd5 38. Kd4 Bc6 39. Bxc6 1-0

[Event "RD-2011-0-00061"]
[Site "LSS email"]
[Date "2011.12.27"]
[Round "?"]
[White "De Ridder, Michael"]
[Black "Lind, Anders"]
[Result "0-1"]
[WhiteElo "1597"]
[BlackElo "1591"]
[PlyCount "68"]
[EventDate "2011.10.28"]
[EventType "tourn (corr)"]
[EventRounds "6"]
[EventCountry "GER"]
[SourceTitle "Telechess CBM 155"]
[Source "ChessBase"]
[SourceDate "2013.07.16"]
[SourceVersion "1"]
[SourceVersionDate "2013.07.16"]
[SourceQuality "1"]

1. e4 c6 2. d4 d5 3. e5 Bf5 4. Nf3 e6 5. Be2 Nd7 6. 0-0 h6 7. Nbd2 Ne7 8. Nb3 Ng6 9. Ne1 h5 10. Be3 h4 11. h3 c5 12. Nxc5 Bxc5 13. dxc5 Ngxe5 14. Nf3 Nxf3+ 15. Bxf3 Ne5 16. Be2 Nc6 17. c3 Qf6 18. Re1 Qg6 19. Kh1 e5 20. b4 Bc2 21. Qd2 a6 22. Rac1 Bf5 23. a4 Rd8 24. b5 Na5 25. Qb2 0-0 26. Qb4 Nc4 27. Bxc4 dxc4 28. Qxc4 Bd3 29. Qb4 e4 30. c4 Rfe8 31. Qa5 Qe6 32. c6 bxc6 33. bxa6 Bxc4 34. a7 Bd5 0-1

[Event "RD-2011-0-00061"]
[Site "LSS email"]
[Date "2011.12.27"]
[Round "?"]
[White "Dovganenko, Andrej"]
[Black "Lind, Anders"]
[Result "1/2-1/2"]
[WhiteElo "1749"]
[BlackElo "1591"]
[PlyCount "79"]
[EventDate "2011.10.28"]
[EventType "tourn (corr)"]
[EventRounds "6"]
[EventCountry "GER"]
[SourceTitle "Telechess CBM 155"]
[Source "ChessBase"]
[SourceDate "2013.07.16"]
[SourceVersion "1"]
[SourceVersionDate "2013.07.16"]
[SourceQuality "1"]

1. e4 c6 2. d4 d5 3. Nc3 dxe4 4. Nxe4 Bf5 5. Ng3 Bg6 6. h4 h6 7. Nf3 Nd7 8. h5 Bh7 9. Bd3 Bxd3 10. Qxd3 e6 11. Bd2 Qc7 12. 0-0-0 Ngf6 13. Ne4 0-0-0 14. Kb1 Kb8 15. Nxf6 Nxf6 16. c4 Bd6 17. Qe2 Ka8 18. Ne5 Rhf8 19. Bc3 Nd7 20. Nd3 Nf6 21. g4 b5 22. cxb5 cxb5 23. d5 e5 24. Nb4 Bxb4 25. Bxb4 Rfe8 26. Rc1 Qb7 27. d6 Nd5 28. Rhd1 Rd7 29. Rc5 Nxb4 30. Rxb5 Qa6 31. Qe4+ Nc6 32. Rc5 Rc8 33. Qd5 Qb7 34. Rdc1 Rb8 35. Qxc6 Rxd6 36. Qxb7+ Rxb7 37. Rxe5 a6 38. a3 Rd2 39. Rc2 Rd4 40. Rc6 1/2-1/2

[Event "CP-2011-P-00063"]
[Site "LSS email"]
[Date "2011.09.30"]
[Round "?"]
[White "Gamb, Roper"]
[Black "Lind, Anders"]
[Result "1-0"]
[WhiteElo "1957"]
[BlackElo "1617"]
[PlyCount "101"]
[EventDate "2011.10.01"]
[EventType "tourn (corr)"]
[EventRounds "6"]
[EventCountry "GER"]
[SourceTitle "Telechess CBM 165"]
[Source "ChessBase"]
[SourceDate "2015.03.11"]
[SourceVersion "1"]
[SourceVersionDate "2015.03.11"]
[SourceQuality "1"]

1. d4 Nf6 2. Nf3 e6 3. Bg5 d5 4. Nbd2 Be7 5. e3 0-0 6. Bd3 c5 7. c3 h6 8. Bh4 Nbd7 9. 0-0 a5 10. Qe2 b6 11. Rad1 Bb7 12. Ne5 Nxe5 13. dxe5 Nd7 14. Bxe7 Qxe7 15. f4 a4 16. a3 Rfd8 17. Rf2 Nf8 18. Rf3 c4 19. Bc2 d4 20. exd4 Bxf3 21. Qxf3 Qc7 22. Rf1 Ra7 23. Ne4 Ra5 24. f5 exf5 25. Qxf5 Nh7 26. h4 Nf8 27. Nf6+ Kh8 28. Qh5 Ra7 29. Ng4 Re8 30. Nxh6 gxh6 31. Qxh6+ Kg8 32. Qg5+ Kh8 33. Rf6 Re6 34. Bf5 Qe7 35. h5 Ra8 36. Rh6+ Rxh6 37. Qxe7 Nh7 38. g4 Rg8 39. Qxf7 Rg7 40. Qxc4 Rxh5 41. Qc8+ Rg8 42. Qd7 Nf8 43. Qf7 Rxf5 44. Qxf5 b5 45. e6 Ng6 46. d5 b4 47. cxb4 Kg7 48. Qf7+ Kh8 49. d6 Rg7 50. Qe8+ Kh7 51. d7 1-0